000 00780nam a22002177a 4500
999 _c9765
_d9765
003 AR-CdUCM
008 190328b ||||| |||| 00| 0 spa d
040 _aMUNICIPALIDAD PROVINCIAL DEL CUSCO
_cBIBLIOTECA MUNICIPAL DEL CUSCO
082 _a709.85 /
_bC79 / 1958
100 _aCossio del Pomar, Felipe
_92452
245 _aArte del Perú colonial /
260 _aMexico :
_bFCE,
_c1958.
300 _a253 páginas ;
_bfotografías. dibujos.
_c21 cm.
505 _aContenido: Monumentos religiosos del Cusco -- Otros monumentos eclesiásticos -- Lima capital del virreinato -- Monumentos religiosos de Lima...
650 _aArquitectura.
_93356
650 _aIglesias.
_93380
650 _aPerú.
_935
650 _aArte colonial.
_913403
942 _2ddc
_cLIBROS
945 _awfj